| 000 | 00744nam a2200241Ia 4500 | ||
|---|---|---|---|
| 001 | 9766 | ||
| 003 | GE_BSU | ||
| 008 | 181216s||||||||xx |||||||||||||| ||und|| | ||
| 020 | _a9992843969 | ||
| 040 | _cGE_BSU | ||
| 080 | _a821.353.1–31 | ||
| 100 | _aმახარაძე,მაია | ||
| 245 | _aცოდვილთა თეატრონი | ||
| 245 | _bრომანი | ||
| 245 | _cრედ. ს.ბერიძე.მხატვ.ჯ.მიქელაძე | ||
| 260 | _aბათუმი | ||
| 260 | _bალიონი | ||
| 260 | _c2005 | ||
| 300 | _a256გვ.ფოტო პორტრ.20სმ. | ||
| 541 | _h4ლ.80თ. | ||
| 653 | _aცოდვილთა თეატრონი | ||
| 942 | _cBK | ||
| 999 |
_c43046 _d43046 |
||